[Event "SM-2022-0-00473"]
[Site "LSS email"]
[Date "2022.06.20"]
[Round "?"]
[White "Kazimierski, Tomasz"]
[Black "Giuliani, Carlo"]
[Result "1/2-1/2"]
[WhiteElo "2232"]
[BlackElo "2306"]
[PlyCount "53"]
[EventDate "2022.05.23"]
[EventType "tourn (corr)"]
[EventRounds "6"]
[EventCountry "GER"]
[SourceTitle "Corr 2024"]
[Source "ChessBase"]
[SourceDate "2023.10.19"]
[SourceVersion "1"]
[SourceVersionDate "2023.10.19"]
[SourceQuality "1"]

1. e4 c5 2. Nf3 d6 3. d4 cxd4 4. Nxd4 Nf6 5. Nc3 a6 6. Be3 e5 7. Nb3 Be6 8. f3 h5 9. Qd2 Nbd7 10. 0-0-0 Be7 11. Nd5 Bxd5 12. exd5 Qc7 13. c4 Nb6 14. Qa5 Bd8 15. Kb1 0-0 16. Be2 Re8 17. Rhe1 Rc8 18. Qd2 Qd7 19. Rc1 Qa4 20. Qd3 e4 21. fxe4 Rxe4 22. Nd2 Re7 23. Bd4 Qe8 24. g4 Nbd7 25. gxh5 Bb6 26. Bxb6 Nxb6 27. Qf3 1/2-1/2

[Event "RM-2022-0-00258"]
[Site "LSS email"]
[Date "2022.02.09"]
[Round "?"]
[White "Giuliani, Carlo"]
[Black "Rolle, Hannes"]
[Result "1/2-1/2"]
[WhiteElo "2302"]
[BlackElo "2274"]
[PlyCount "42"]
[EventDate "2022.01.24"]
[EventType "tourn (corr)"]
[EventRounds "6"]
[EventCountry "GER"]
[SourceTitle "Corr 2024"]
[Source "ChessBase"]
[SourceDate "2023.10.19"]
[SourceVersion "1"]
[SourceVersionDate "2023.10.19"]
[SourceQuality "1"]

1. e4 c5 2. Nf3 d6 3. d4 cxd4 4. Nxd4 Nf6 5. Nc3 a6 6. Be3 e5 7. Nb3 Be6 8. f3 h5 9. Qd2 Nbd7 10. Nd5 Bxd5 11. exd5 g6 12. Be2 Bg7 13. 0-0 b6 14. c4 0-0 15. Rae1 Re8 16. Kh1 Rc8 17. Qd1 a5 18. Bg5 Qc7 19. Bd3 Nh7 20. Be3 Nhf6 21. Bg5 Nh7 1/2-1/2

[Event "RM-2022-0-00258"]
[Site "LSS email"]
[Date "2022.02.08"]
[Round "?"]
[White "Giuliani, Carlo"]
[Black "Ozen, Bahadir"]
[Result "1/2-1/2"]
[WhiteElo "2302"]
[BlackElo "2319"]
[PlyCount "50"]
[EventDate "2022.01.24"]
[EventType "tourn (corr)"]
[EventRounds "6"]
[EventCountry "GER"]
[SourceTitle "Corr 2024"]
[Source "ChessBase"]
[SourceDate "2023.10.19"]
[SourceVersion "1"]
[SourceVersionDate "2023.10.19"]
[SourceQuality "1"]

1. e4 c5 2. Nf3 d6 3. d4 cxd4 4. Nxd4 Nf6 5. Nc3 a6 6. Bg5 e6 7. f4 Qb6 8. Qd2 Qxb2 9. Rb1 Qa3 10. e5 h6 11. Bh4 dxe5 12. fxe5 g5 13. exf6 gxh4 14. Be2 Qa5 15. 0-0 Nd7 16. Kh1 Qg5 17. Rf4 e5 18. Nd5 exd4 19. Qxd4 Bc5 20. Qe4+ Kd8 21. Rf5 Re8 22. Qxe8+ Kxe8 23. Rxg5 hxg5 24. Nc7+ Kd8 25. Nxa8 Nxf6 1/2-1/2

[Event "RM-2021-0-00246"]
[Site "LSS email"]
[Date "2021.11.03"]
[Round "?"]
[White "Bernal Varela, Nelson"]
[Black "Giuliani, Carlo"]
[Result "1/2-1/2"]
[WhiteElo "2406"]
[BlackElo "2300"]
[PlyCount "80"]
[EventDate "2021.06.19"]
[EventType "tourn (corr)"]
[EventRounds "6"]
[EventCountry "GER"]
[SourceTitle "Corr 2024"]
[Source "ChessBase"]
[SourceDate "2023.10.19"]
[SourceVersion "1"]
[SourceVersionDate "2023.10.19"]
[SourceQuality "1"]

1. Nf3 Nf6 2. d4 e6 3. c4 b6 4. g3 Ba6 5. b3 Bb4+ 6. Bd2 Be7 7. Bg2 c6 8. Bc3 d5 9. 0-0 Nbd7 10. Nbd2 0-0 11. Re1 c5 12. e4 dxc4 13. Nxc4 Bb7 14. e5 Nd5 15. Bb2 b5 16. Nd6 Bxd6 17. exd6 c4 18. bxc4 bxc4 19. Ne5 c3 20. Ba3 Rb8 21. Bc5 Nxe5 22. dxe5 Qa5 23. Qd4 Rfc8 24. Bxa7 Ra8 25. Bb6 Nxb6 26. Bxb7 Rc4 27. Qe3 Rb8 28. Be4 g6 29. Bc2 Nd5 30. Qd3 Rc5 31. a3 Rb2 32. Rac1 Nb6 33. d7 Nd5 34. Rb1 Qd8 35. Qd4 Rc7 36. Rxb2 cxb2 37. Qxb2 Rxd7 38. Rc1 Qa5 39. Be4 Kg7 40. h4 Ra7 1/2-1/2

[Event "SM-2021-0-00447"]
[Site "LSS email"]
[Date "2021.06.23"]
[Round "?"]
[White "Aberbach Peltzman, Angel"]
[Black "Giuliani, Carlo"]
[Result "1/2-1/2"]
[WhiteElo "2284"]
[BlackElo "2276"]
[PlyCount "42"]
[EventDate "2021.04.30"]
[EventType "tourn (corr)"]
[EventRounds "6"]
[EventCountry "GER"]
[SourceTitle "Corr 2024"]
[Source "ChessBase"]
[SourceDate "2023.10.19"]
[SourceVersion "1"]
[SourceVersionDate "2023.10.19"]
[SourceQuality "1"]

1. Nf3 Nf6 2. c4 e6 3. Nc3 d5 4. d4 c6 5. e3 Nbd7 6. Qc2 Bd6 7. g4 h6 8. Rg1 e5 9. cxd5 cxd5 10. Nb5 Bb8 11. g5 hxg5 12. Nxg5 e4 13. Bd2 Nb6 14. Rc1 Bd7 15. Nc7+ Bxc7 16. Qxc7 Qxc7 17. Rxc7 Rc8 18. Rxb7 Rc2 19. Bb4 Nc8 20. Bd2 Rxh2 21. Rb8 Ng4 1/2-1/2

[Event "RM-2021-0-00242"]
[Site "LSS email"]
[Date "2021.06.13"]
[Round "?"]
[White "Canizares Cuadra, Pedro"]
[Black "Giuliani, Carlo"]
[Result "1/2-1/2"]
[WhiteElo "2356"]
[BlackElo "2276"]
[PlyCount "47"]
[EventDate "2021.03.28"]
[EventType "tourn (corr)"]
[EventRounds "6"]
[EventCountry "GER"]
[SourceTitle "Corr 2024"]
[Source "ChessBase"]
[SourceDate "2023.10.19"]
[SourceVersion "1"]
[SourceVersionDate "2023.10.19"]
[SourceQuality "1"]

1. e4 c5 2. Nf3 d6 3. d4 cxd4 4. Nxd4 Nf6 5. Nc3 a6 6. Bg5 e6 7. f4 Qb6 8. Qd2 Qxb2 9. Rb1 Qa3 10. e5 h6 11. Bh4 dxe5 12. fxe5 Nd5 13. Nxd5 exd5 14. e6 Bxe6 15. Nxe6 fxe6 16. Bd3 Be7 17. Bg6+ Kd8 18. Bxe7+ Qxe7 19. 0-0 b5 20. Rbe1 Nc6 21. Qc3 Rc8 22. Rf7 Qb4 23. Rxe6 Qxc3 24. Rd6+ 1/2-1/2

[Event "RM-2021-0-00242"]
[Site "LSS email"]
[Date "2021.06.13"]
[Round "?"]
[White "Giuliani, Carlo"]
[Black "Khlopov, Sergej"]
[Result "1-0"]
[WhiteElo "2276"]
[BlackElo "2332"]
[PlyCount "99"]
[EventDate "2021.03.28"]
[EventType "tourn (corr)"]
[EventRounds "6"]
[EventCountry "GER"]
[SourceTitle "Corr 2024"]
[Source "ChessBase"]
[SourceDate "2023.10.19"]
[SourceVersion "1"]
[SourceVersionDate "2023.10.19"]
[SourceQuality "1"]

1. e4 c5 2. Nf3 d6 3. d4 cxd4 4. Nxd4 Nf6 5. Nc3 a6 6. Bg5 Nbd7 7. Qe2 h6 8. Bh4 b5 9. 0-0-0 e6 10. f4 g5 11. fxg5 hxg5 12. Bxg5 Bb7 13. h4 Be7 14. a3 Rc8 15. Rh3 Rxc3 16. Rxc3 Nxe4 17. Rh3 Bxg5+ 18. hxg5 Qxg5+ 19. Kb1 Rxh3 20. gxh3 Ndc5 21. Bg2 Qxg2 22. Qxg2 Nc3+ 23. bxc3 Bxg2 24. h4 Be4 25. h5 Kf8 26. Rg1 e5 27. Ne2 Bh7 28. h6 Ne6 29. Nc1 f5 30. Nd3 a5 31. Kc1 f4 32. Nf2 Ke7 33. Kd2 Bf5 34. Rb1 Nd8 35. Rxb5 Nf7 36. h7 Bxh7 37. Rxa5 Bf5 38. Nd3 Ke6 39. a4 Ng5 40. Ke1 Ne4 41. c4 Nc3 42. Ra6 f3 43. c5 e4 44. Rxd6+ Ke7 45. Ne5 Nxa4 46. Nc6+ Kf7 47. Nd4 Bg4 48. c6 Ke7 49. Rg6 Bc8 50. Rh6 1-0

[Event "RM-2020-0-00229"]
[Site "LSS email"]
[Date "2020.11.22"]
[Round "?"]
[White "Cirulis, Ilmars"]
[Black "Giuliani, Carlo"]
[Result "1/2-1/2"]
[WhiteElo "2246"]
[BlackElo "2282"]
[PlyCount "33"]
[EventDate "2020.11.02"]
[EventType "tourn (corr)"]
[EventRounds "6"]
[EventCountry "GER"]
[SourceTitle "Corr 2022"]
[Source "ChessBase"]
[SourceDate "2021.10.24"]
[SourceVersion "1"]
[SourceVersionDate "2021.10.24"]
[SourceQuality "1"]

1. c4 c6 2. d4 d5 3. Nf3 Nf6 4. e3 e6 5. b3 Nbd7 6. Qc2 b6 7. Nc3 Bb7 8. Bd3 Rc8 9. 0-0 Bb4 10. Bb2 c5 11. a3 dxc4 12. Bxc4 cxd4 13. axb4 dxc3 14. Bxc3 a6 15. Qb2 b5 16. Be2 0-0 17. Ne5 1/2-1/2

[Event "RM-2020-0-00229"]
[Site "LSS email"]
[Date "2020.11.22"]
[Round "?"]
[White "Giuliani, Carlo"]
[Black "Pilgram, Kurt"]
[Result "1/2-1/2"]
[WhiteElo "2282"]
[BlackElo "2170"]
[PlyCount "76"]
[EventDate "2020.11.02"]
[EventType "tourn (corr)"]
[EventRounds "6"]
[EventCountry "GER"]
[SourceTitle "Corr 2022"]
[Source "ChessBase"]
[SourceDate "2021.10.24"]
[SourceVersion "1"]
[SourceVersionDate "2021.10.24"]
[SourceQuality "1"]

1. e4 c5 2. Nf3 d6 3. d4 cxd4 4. Nxd4 Nf6 5. Nc3 a6 6. Be3 Ng4 7. Bg5 h6 8. Bh4 g5 9. Bg3 Bg7 10. h3 Nf6 11. Bc4 0-0 12. Bb3 Nc6 13. Nxc6 bxc6 14. 0-0 a5 15. e5 dxe5 16. Bxe5 Qxd1 17. Raxd1 Bf5 18. Rfe1 e6 19. Na4 Nd5 20. c4 Nb4 21. Bxg7 Kxg7 22. Rd6 Rad8 23. Red1 Nd3 24. Rxc6 Be4 25. Ra6 Nf4 26. f3 Rxd1+ 27. Bxd1 Rd8 28. Nc3 Bh7 29. Rxa5 Rd2 30. g3 Nxh3+ 31. Kf1 Rxb2 32. c5 Nf2 33. c6 Nxd1 34. c7 g4 35. f4 Rc2 36. c8Q Ne3+ 37. Ke1 Ng2+ 38. Kd1 Ne3+ 1/2-1/2

[Event "RM-2020-0-00229"]
[Site "LSS email"]
[Date "2020.11.22"]
[Round "?"]
[White "Sorcinelli, Andrea"]
[Black "Giuliani, Carlo"]
[Result "1/2-1/2"]
[WhiteElo "2317"]
[BlackElo "2282"]
[PlyCount "42"]
[EventDate "2020.11.02"]
[EventType "tourn (corr)"]
[EventRounds "6"]
[EventCountry "GER"]
[SourceTitle "Corr 2022"]
[Source "ChessBase"]
[SourceDate "2021.10.24"]
[SourceVersion "1"]
[SourceVersionDate "2021.10.24"]
[SourceQuality "1"]

1. e4 c5 2. Nf3 d6 3. Bc4 Nf6 4. Nc3 a6 5. d4 cxd4 6. Qxd4 e6 7. Bf4 Be7 8. Qe3 b5 9. Bb3 Nc6 10. 0-0-0 Qc7 11. Kb1 Ne5 12. Bxe5 dxe5 13. Qg5 0-0 14. Qxe5 Qb7 15. Rhe1 Nd7 16. Qh5 Nc5 17. Re3 Qc7 18. Qe5 Qa7 19. Qh5 Qc7 20. Qe5 Qa7 21. Qh5 Qc7 1/2-1/2

[Event "RM-2020-0-00205"]
[Site "LSS email"]
[Date "2020.04.06"]
[Round "?"]
[White "Koch, Christian"]
[Black "Giuliani, Carlo"]
[Result "0-1"]
[WhiteElo "2317"]
[BlackElo "2236"]
[PlyCount "94"]
[EventDate "2020.02.28"]
[EventType "tourn (corr)"]
[EventRounds "6"]
[EventCountry "GER"]
[SourceTitle "Corr 2022"]
[Source "ChessBase"]
[SourceDate "2021.10.24"]
[SourceVersion "1"]
[SourceVersionDate "2021.10.24"]
[SourceQuality "1"]

1. e4 c5 2. Ne2 d6 3. g3 g6 4. Bg2 Bg7 5. c3 Nf6 6. d4 0-0 7. 0-0 e5 8. h3 b5 9. d5 Nbd7 10. Bg5 a5 11. b3 h6 12. Bd2 Nb6 13. Qc1 Kh7 14. Na3 Bd7 15. f4 exf4 16. Nxf4 b4 17. Nc2 Re8 18. Re1 Re7 19. Re3 Qe8 20. Qe1 c4 21. cxb4 axb4 22. Rd1 Rxa2 23. Nxb4 Rb2 24. Nc6 Bxc6 25. dxc6 g5 26. Ne2 Nbd5 27. exd5 Rxe3 28. Bxe3 Qxe3+ 29. Qf2 Rxe2 30. Qxe3 Rxe3 31. bxc4 Ne8 32. Kf2 Rb3 33. Bf1 Be5 34. Rd3 Rb8 35. Ra3 Bd4+ 36. Kg2 Rb2+ 37. Kh1 Kg7 38. g4 Rf2 39. Bg2 Rd2 40. Rf3 Rd1+ 41. Bf1 Nc7 42. Kh2 Rb1 43. Kg2 Rb2+ 44. Kh1 Bb6 45. Rc3 Kf6 46. Rf3+ Ke7 47. Ra3 f5 0-1

[Event "RA-2019-0-00651"]
[Site "LSS email"]
[Date "2019.12.14"]
[Round "?"]
[White "Giuliani, Carlo"]
[Black "Willmann, Bernd"]
[Result "1/2-1/2"]
[WhiteElo "2210"]
[BlackElo "2293"]
[PlyCount "63"]
[EventDate "2019.11.19"]
[EventType "tourn (corr)"]
[EventRounds "6"]
[EventCountry "GER"]
[SourceTitle "Corr 2022"]
[Source "ChessBase"]
[SourceDate "2021.10.24"]
[SourceVersion "1"]
[SourceVersionDate "2021.10.24"]
[SourceQuality "1"]

1. e4 e5 2. Nf3 Nc6 3. Bb5 a6 4. Ba4 b5 5. Bb3 Nf6 6. 0-0 Be7 7. Re1 0-0 8. c3 d5 9. exd5 Nxd5 10. Nxe5 Nxe5 11. Rxe5 c6 12. d3 Bd6 13. Re1 Bf5 14. Qf3 Qf6 15. Nd2 Qg6 16. Bd1 Bxd3 17. Ne4 Bxe4 18. Qxe4 f5 19. Qe6+ Qxe6 20. Rxe6 Rfe8 21. Rxe8+ Rxe8 22. Kf1 a5 23. Bd2 Rb8 24. Bf3 a4 25. g3 Kf7 26. Rc1 Ne7 27. Re1 g6 28. Rc1 Be5 29. h4 Bf6 30. Ke1 Ke6 31. Kf1 Rb7 32. Kg2 1/2-1/2

[Event "SA-2019-0-00705"]
[Site "LSS email"]
[Date "2019.11.10"]
[Round "?"]
[White "Jarabinsky, Martin"]
[Black "Giuliani, Carlo"]
[Result "1/2-1/2"]
[WhiteElo "2306"]
[BlackElo "2196"]
[PlyCount "62"]
[EventDate "2019.10.12"]
[EventType "tourn (corr)"]
[EventRounds "6"]
[EventCountry "GER"]
[SourceTitle "Corr 2022"]
[Source "ChessBase"]
[SourceDate "2021.10.24"]
[SourceVersion "1"]
[SourceVersionDate "2021.10.24"]
[SourceQuality "1"]

1. e4 e5 2. Nf3 Nc6 3. Bc4 Nf6 4. d3 Bc5 5. c3 d6 6. 0-0 0-0 7. Re1 a6 8. a4 h6 9. h3 a5 10. Nbd2 Be6 11. Bb5 Ne7 12. d4 exd4 13. Nxd4 Bd7 14. Nf1 Re8 15. Ng3 Nc6 16. Bf4 Bb6 17. Bxc6 Bxc6 18. Qc2 Nd7 19. Nxc6 bxc6 20. Nf5 Qf6 21. Re2 Re6 22. Be3 d5 23. Bd4 Bxd4 24. Nxd4 Re5 25. Nf3 Rxe4 26. Rxe4 dxe4 27. Qxe4 Rb8 28. Qc2 c5 29. Re1 Qg6 30. Qc1 Qf6 31. Re4 Qd6 1/2-1/2

[Event "RA-2019-0-00645"]
[Site "LSS email"]
[Date "2019.11.10"]
[Round "?"]
[White "Kahl, Fred"]
[Black "Giuliani, Carlo"]
[Result "1/2-1/2"]
[WhiteElo "2356"]
[BlackElo "2196"]
[PlyCount "61"]
[EventDate "2019.10.19"]
[EventType "tourn (corr)"]
[EventRounds "6"]
[EventCountry "GER"]
[SourceTitle "Corr 2022"]
[Source "ChessBase"]
[SourceDate "2021.10.24"]
[SourceVersion "1"]
[SourceVersionDate "2021.10.24"]
[SourceQuality "1"]

1. Nf3 Nf6 2. c4 c5 3. Nc3 Nc6 4. g3 d5 5. d4 e6 6. cxd5 Nxd5 7. Bg2 cxd4 8. Nxd4 Nxc3 9. bxc3 Nxd4 10. Qxd4 Qxd4 11. cxd4 Bd6 12. 0-0 Rb8 13. e4 b6 14. Be3 Ba6 15. Rfd1 Rc8 16. d5 Bc5 17. Bxc5 Rxc5 18. dxe6 fxe6 19. Rac1 Ke7 20. Rxc5 bxc5 21. e5 Rb8 22. Be4 Rb2 23. Rc1 Rxa2 24. Rxc5 Kd8 25. Kg2 h6 26. h4 Be2 27. Bf3 Bxf3+ 28. Kxf3 a5 29. h5 a4 30. Ra5 Ke7 31. Ra7+ 1/2-1/2

[Event "RA-2019-0-00632"]
[Site "LSS email"]
[Date "2019.08.20"]
[Round "?"]
[White "Giuliani, Carlo"]
[Black "Orlov, Vladimir"]
[Result "1/2-1/2"]
[WhiteElo "2186"]
[BlackElo "2195"]
[PlyCount "58"]
[EventDate "2019.07.13"]
[EventType "tourn (corr)"]
[EventRounds "6"]
[EventCountry "GER"]
[SourceTitle "Corr 2022"]
[Source "ChessBase"]
[SourceDate "2021.10.24"]
[SourceVersion "1"]
[SourceVersionDate "2021.10.24"]
[SourceQuality "1"]

1. e4 e6 2. d4 d5 3. e5 c5 4. c3 Nc6 5. Nf3 Qb6 6. a3 Nh6 7. b4 cxd4 8. cxd4 Nf5 9. Bb2 Bd7 10. g4 Nfe7 11. Nc3 Na5 12. Qc2 Nc4 13. Bxc4 dxc4 14. Nd2 Qc6 15. Nce4 Nc8 16. Nxc4 b5 17. Ne3 Qxc2 18. Nxc2 Bc6 19. f3 Nb6 20. h4 Be7 21. Ke2 0-0 22. Rac1 a5 23. bxa5 Rxa5 24. g5 Ra7 25. Nf6+ Kh8 26. Ne3 Nc4 27. Ne4 Rfa8 28. Nxc4 bxc4 29. Ra1 Rb7 1/2-1/2

[Event "RA-2019-0-00632"]
[Site "LSS email"]
[Date "2019.08.20"]
[Round "?"]
[White "Sciarretta, Robert W"]
[Black "Giuliani, Carlo"]
[Result "1/2-1/2"]
[WhiteElo "2120"]
[BlackElo "2186"]
[PlyCount "57"]
[EventDate "2019.07.13"]
[EventType "tourn (corr)"]
[EventRounds "6"]
[EventCountry "GER"]
[SourceTitle "Corr 2022"]
[Source "ChessBase"]
[SourceDate "2021.10.24"]
[SourceVersion "1"]
[SourceVersionDate "2021.10.24"]
[SourceQuality "1"]

1. d4 e6 2. c4 f5 3. g3 Nf6 4. Bg2 Be7 5. Nf3 0-0 6. 0-0 d6 7. b3 Ne4 8. Bb2 b6 9. Nc3 Bb7 10. d5 Nxc3 11. Bxc3 e5 12. e3 a5 13. Nd2 Nd7 14. a3 Qe8 15. Qc2 Bc8 16. b4 e4 17. bxa5 bxa5 18. Rae1 Nc5 19. f3 exf3 20. Nxf3 Qa4 21. Qxa4 Nxa4 22. Bd4 Ba6 23. Nd2 Rae8 24. h4 Bf6 25. Bxf6 Rxf6 26. Bh3 Re5 27. Nf3 Re8 28. Nd2 Re5 29. e4 1/2-1/2

[Event "SA-2019-0-00680"]
[Site "LSS email"]
[Date "2019.05.03"]
[Round "?"]
[White "Giuliani, Carlo"]
[Black "Urbaniak, Marcin"]
[Result "1-0"]
[WhiteElo "2225"]
[BlackElo "2036"]
[PlyCount "37"]
[EventDate "2019.03.25"]
[EventType "tourn (corr)"]
[EventRounds "6"]
[EventCountry "GER"]
[SourceTitle "Corr 2022"]
[Source "ChessBase"]
[SourceDate "2021.10.24"]
[SourceVersion "1"]
[SourceVersionDate "2021.10.24"]
[SourceQuality "1"]

1. e4 c5 2. Nf3 Nc6 3. d4 cxd4 4. Nxd4 e5 5. Nb5 d6 6. N1c3 a6 7. Na3 b5 8. Nd5 Nge7 9. c4 Nd4 10. cxb5 Nxd5 11. exd5 g6 12. Be3 Bg7 13. Bxd4 exd4 14. Bd3 0-0 15. 0-0 Qg5 16. Re1 Bb7 17. Qc1 Qxc1 18. Rexc1 Rab8 19. bxa6 1-0

[Event "SA-2019-0-00680"]
[Site "LSS email"]
[Date "2019.05.03"]
[Round "?"]
[White "Morcin, Tom"]
[Black "Giuliani, Carlo"]
[Result "1/2-1/2"]
[WhiteElo "2203"]
[BlackElo "2225"]
[PlyCount "64"]
[EventDate "2019.03.25"]
[EventType "tourn (corr)"]
[EventRounds "6"]
[EventCountry "GER"]
[SourceTitle "Corr 2022"]
[Source "ChessBase"]
[SourceDate "2021.10.24"]
[SourceVersion "1"]
[SourceVersionDate "2021.10.24"]
[SourceQuality "1"]

1. e4 c5 2. Nf3 d6 3. d4 cxd4 4. Nxd4 Nf6 5. Nc3 a6 6. Be3 e5 7. Nb3 Be6 8. f3 h5 9. Nd5 Bxd5 10. exd5 Nbd7 11. Qd2 g6 12. 0-0-0 Nb6 13. Kb1 Nfxd5 14. Bf2 Nf6 15. Bh4 Be7 16. Bxf6 Bxf6 17. Qxd6 Qxd6 18. Rxd6 Bd8 19. Rd1 f5 20. c4 Nd7 21. c5 Bc7 22. Bc4 Rh7 23. h3 h4 24. Bd5 Rb8 25. c6 Nf6 26. cxb7 Nxd5 27. Rxd5 Rxb7 28. Rc5 Re7 29. Rc4 g5 30. Nc5 Rb6 31. Rd1 Rd6 32. Kc2 Rxd1 1/2-1/2

[Event "RA-2017-0-00555"]
[Site "LSS email"]
[Date "2017.12.15"]
[Round "?"]
[White "Giuliani, Carlo"]
[Black "Koch, Christian"]
[Result "1/2-1/2"]
[WhiteElo "2221"]
[BlackElo "2285"]
[PlyCount "52"]
[EventDate "2017.11.13"]
[EventType "tourn (corr)"]
[EventRounds "6"]
[EventCountry "GER"]
[SourceTitle "Corr 2022"]
[Source "ChessBase"]
[SourceDate "2021.10.24"]
[SourceVersion "1"]
[SourceVersionDate "2021.10.24"]
[SourceQuality "1"]

1. e4 e5 2. Nf3 Nc6 3. Bb5 a6 4. Ba4 Nf6 5. 0-0 b5 6. Bb3 Bc5 7. c3 d6 8. d4 Bb6 9. a4 Bb7 10. Re1 0-0 11. Bg5 exd4 12. cxd4 h6 13. Bh4 g5 14. Bg3 Na5 15. Bc2 Re8 16. d5 Nc4 17. b3 Ne5 18. Nd4 Bc8 19. axb5 Nxd5 20. exd5 Bxd4 21. Ra4 Bb6 22. Bxe5 Rxe5 23. Rxe5 dxe5 24. Nc3 Ra7 25. bxa6 Rxa6 26. Qd3 Qf6 1/2-1/2